LEADER 05732nam 2201213 a 450 001 9910782406803321 005 20230207225843.0 010 $a1-4356-5369-6 010 $a9786611385668 010 $a1-281-38566-2 010 $a0-520-94102-0 024 7 $a10.1525/9780520941021 035 $a(CKB)1000000000689996 035 $a(EBL)345563 035 $a(SSID)ssj0000224838 035 $a(PQKBManifestationID)11202531 035 $a(PQKBTitleCode)TC0000224838 035 $a(PQKBWorkID)10210691 035 $a(PQKB)11781232 035 $a(StDuBDS)EDZ0000083877 035 $a(MiAaPQ)EBC345563 035 $a(OCoLC)254162145 035 $a(MdBmJHUP)muse30434 035 $a(DE-B1597)520936 035 $a(DE-B1597)9780520941021 035 $a(Au-PeEL)EBL345563 035 $a(CaPaEBR)ebr10229959 035 $a(CaONFJC)MIL138566 035 $a(OCoLC)476162443 035 $a(EXLCZ)991000000000689996 100 $a20070720d2008 ub 0 101 0 $aeng 135 $aur|n|---||||| 181 $ctxt 182 $cc 183 $acr 200 00$aPostcolonial disorders$b[electronic resource] /$fedited by Mary-Jo DelVecchio Good ... [et al.] 210 $aBerkeley $cUniversity of California Press$dc2008 215 $a1 online resource (478 p.) 225 0 $aEthnographic Studies in Subjectivity ;$v8 300 $aDescription based upon print version of record. 311 $a0-520-25223-3 311 $a0-520-25224-1 320 $aIncludes bibliographical references and index. 327 $tFrontmatter -- $tContents -- $tAcknowledgments -- $tPostcolonial Disorders: Reflections On Subjectivity In The Contemporary World -- $t1. Madness And The Politically Real: Reflections On Violence In Postdictatorial Spain -- $t2. Indonesia Sakit: Indonesian Disorders And The Subjective Experience And Interpretive Politics Of Contemporary Indonesian Artists -- $t3. The Political Dimensions Of Emasculation: Fantasy, Conspiracy, And Estrangement Among Populist Leaders In Post-New Order Lombok, Indonesia -- $t4. Haunting Ghosts: Madness, Gender, And Ensekirite In Haiti In The Democratic Era -- $t5. Laboratory Of Intervention: The Humanitarian Governance Of The Postcommunist Balkan Territories -- $t6. Everyday Aids Practices: Contestations Of Borders And Infectious Disease In Southwest China -- $t7. Of Maids And Prostitutes: Indonesian Female Migrants In The New Asian Hinterlands -- $t8. Ambivalent Inquiry: Dilemmas Of Aids In The Republic Of Congo -- $t9. To Live With What Would Otherwise Be Unendurable, Ii: Caught In The Borderlands Of Palestine/Israel -- $t10. The Mucker War: A History Of Violence And Silence -- $t11. Institutional Persons And Personal Institutions: The Asylum And Marginality In Rural Ireland -- $t12. The Knot Of The Soul: Postcolonial Conundrums, Madness, And The Imagination -- $t13. Consuming Grief: Infant Death In The Postcolonial Time Of Intervention -- $t14. Postcoloniality As The Aftermath Of Terror Among Vietnamese Refugees -- $t15. Cross-Cultural Psychiatry In Medical-Legal Documentation Of Suffering: Human Rights Abuses Involving Transnational Corporations And The Yadana Pipeline Project In Burma -- $tContributors -- $tIndex 330 $aThe essays in this volume reflect on the nature of subjectivity in the diverse places where anthropologists work at the beginning of the twenty-first century. Contributors explore everyday modes of social and psychological experience, the constitution of the subject, and forms of subjection that shape the lives of Basque youth, Indonesian artists, members of nongovernmental HIV/AIDS programs in China and the Republic of Congo, psychiatrists and the mentally ill in Morocco and Ireland, and persons who have suffered trauma or been displaced by violence in the Middle East and in South and Southeast Asia. Painting on book jacket by Entang Wiharso 410 0$aEthnographic Studies in Subjectivity 606 $aMedical anthropology 606 $aDiseases$xSocial aspects 606 $aColonization$xSocial aspects 606 $aGlobalization$xSocial aspects 606 $aSubjectivity 610 $aaids. 610 $aalterity. 610 $aanthropology. 610 $aasylum. 610 $abalkan territory. 610 $aburma. 610 $acolonialism. 610 $aconspiracy. 610 $aconstitution of the subject. 610 $aemasculation. 610 $agender studies. 610 $ahaiti. 610 $ahistory. 610 $ahuman rights abuses. 610 $aindonesia. 610 $ainfant death. 610 $ainfectious disease. 610 $ainterpretive politics. 610 $aintervention. 610 $aireland. 610 $aisrael and palestine. 610 $alombok. 610 $amadness. 610 $amarginality. 610 $amedical anthropology. 610 $amedical. 610 $amigrants. 610 $apolitical. 610 $apostcolonialism. 610 $apsychiatry. 610 $arepublic of congo. 610 $asouthwest china. 610 $aspain. 610 $asubjection. 610 $asubjectivity. 610 $avietnam. 610 $avietnamese refugees. 610 $aviolence. 615 0$aMedical anthropology. 615 0$aDiseases$xSocial aspects. 615 0$aColonization$xSocial aspects. 615 0$aGlobalization$xSocial aspects. 615 0$aSubjectivity. 676 $a306.4/61 701 $aGood$b Mary-Jo DelVecchio$01557289 801 0$bMiAaPQ 801 1$bMiAaPQ 801 2$bMiAaPQ 906 $aBOOK 912 $a9910782406803321 996 $aPostcolonial disorders$93820683 997 $aUNINA LEADER 03195nam 2200757 450 001 9910809095403321 005 20230607232315.0 010 $a3-11-094089-2 024 7 $a10.1515/9783110940893 035 $a(CKB)3390000000062274 035 $a(EBL)3049452 035 $a(SSID)ssj0001522687 035 $a(PQKBManifestationID)12627765 035 $a(PQKBTitleCode)TC0001522687 035 $a(PQKBWorkID)11465700 035 $a(PQKB)10263183 035 $a(MiAaPQ)EBC3049452 035 $a(DE-B1597)57188 035 $a(OCoLC)1013955621 035 $a(OCoLC)900796317 035 $a(DE-B1597)9783110940893 035 $a(Au-PeEL)EBL3049452 035 $a(CaPaEBR)ebr11008803 035 $a(CaONFJC)MIL807266 035 $a(OCoLC)927460264 035 $a(EXLCZ)993390000000062274 100 $a20010718d2001 uy| 0 101 0 $aeng 135 $aur|nu---|u||u 181 $ctxt 182 $cc 183 $acr 200 10$aInverse problems of wave processes /$fA.S. Blagoveshchenskii 205 $aReprint 2014 210 1$aUtrecht, The Netherlands ;$aBoston :$cVSP,$d2001. 215 $a1 online resource (145 p.) 225 1 $aInverse and ill-posed problems series 300 $aDescription based upon print version of record. 311 $a3-11-036398-4 311 $a90-6764-344-0 320 $aIncludes bibliographical references. 327 $tFront matter --$tContents --$tIntroduction --$tChapter 1. One-dimensional inverse problems --$tChapter 2. Theory of inverse problems for wave processes in layered media --$tChapter 3. Inverse problems for vector wave processes --$tBibliography 330 $aThis monograph covers dynamical inverse problems, that is problems whose data are the values of wave fields. It deals with the problem of determination of one or more coefficients of a hyperbolic equation or a system of hyperbolic equations. The desired coefficients are functions of point. Most attention is given to the case where the required functions depend only on one coordinate. The first chapter of the book deals mainly with methods of solution of one-dimensional inverse problems. The second chapter focuses on scalar inverse problems of wave propagation in a layered medium. In the final chapter inverse problems for elasticity equations in stratified media and acoustic equations for moving media are given. 410 0$aInverse and ill-posed problems series. 606 $aWave-motion, Theory of 610 $aAcoustic Equations. 610 $aCoefficients. 610 $aDetermination. 610 $aDynamical Inverse Problems. 610 $aElasticity Equations. 610 $aFunctions of Point. 610 $aHyperbolic Equations. 610 $aOne-dimensional Inverse Problems. 610 $aScalar Inverse Problems. 610 $aWave Fields. 610 $aWave Propagation. 615 0$aWave-motion, Theory of. 676 $a530.12/4 700 $aBlagoveshchenskii$b A. S.$0725445 801 0$bMiAaPQ 801 1$bMiAaPQ 801 2$bMiAaPQ 906 $aBOOK 912 $a9910809095403321 996 $aInverse problems of wave processes$91415561 997 $aUNINA